000 00749nam a2200253Ia 4500
003 GCL
005 20240530102232.0
008 140319s9999 xx 000 0 ara d
040 _aGCL /
_cGCL
082 0 4 _a330.9
_bد م
100 1 _aدال، روبرت
245 1 0 _a000000000000
_cدال، روبرت
260 _a[S.N] :
_bالدار الدولية للنشر والتوزيع ،
_c1992
300 _a163 ص
650 0 4 _aالاقتصاد
650 0 4 _aالسياسة
650 0 4 _aالاحوال الاقتصادية
650 0 4 _aالديمقراطية
650 0 4 _aالتنمية الاقتصادية
650 0 4 _aالاجتماع
650 0 4 _aالتنمية
700 1 _aمحمد مصطفى غنيم
942 _2ddc
_cBK
999 _c30797
_d30797